|
|
|
|
| LEADER |
00810cam a2200229 7i4500 |
| 001 |
0000009496 |
| 005 |
20230907090000.0 |
| 008 |
230907s1998 my # ### #00001may## |
| 020 |
# |
# |
|a 967890960X
|
| 040 |
# |
# |
|a UMT
|b eng
|c UMT
|d Malcat
|e rda
|
| 090 |
0 |
0 |
|a BP 144
|b .N5 1998
|
| 100 |
0 |
# |
|a Nik Noriani Nik Badli Shah
|e author
|
| 245 |
1 |
0 |
|a Perkahwinan dan perceraian di bawah undang-undang Islam
|c Nik Noriani Nik Badli Shah.
|
| 264 |
# |
1 |
|a Kuala Lumpur:
|b International Law Book Services,
|c 1998
|
| 300 |
# |
# |
|a 158 pages;
|c 21 cm
|
| 336 |
# |
# |
|a text --
|2 rdacontent
|
| 337 |
# |
# |
|a unmediated --
|2 rdamedia
|
| 338 |
# |
# |
|a volume --
|2 rdacarrier
|
| 590 |
# |
# |
|a Pusat Pendidikan Asas dan Liberal
|
| 650 |
0 |
0 |
|a Marriage (Islamic law)
|
| 650 |
0 |
0 |
|a Divorce (Islamic law)
|
| 999 |
|
|
|a 1000400239
|b Book
|c Open Shelf
|e KOLEKSI TERBUKA
|